000 00615nam a22001817a 4500
003 UA-OsUOA
001 14185
007 ta
008 20030723b un ||||| |||| 00| 0 ukr d
100 _aПінчук В.
942 _cSA
040 _aUA-OsUOA
_cUA-OsUOA
_dUA-OsUOA
245 _aПодаруй незрячим надію: [Про Сарнен. терит. первин. організацію Укр т-ва сліпих (УТОС)]
300 _aС.2
955 _a0
773 0 _w0
_tСарненські новини
_dСарни
_d2003
_g№61/24 черв./
650 7 _aКраєзнавча робота
_2UDC
999 _c300346
_d300346